U.S. State Postal Codes - Sudden Death - Statistics

General Stats
  • This quiz has been taken 972 times
  • The average score is 35 of 50
Answers on the Grid
Answers color-coded by a green-red scale on the quiz's grid according to % correct below.
AK
AL
AR
AZ
CA
CD
CF
CO
CT
DE
FA
FL
GA
GE
HI
HW
IA
ID
IL
IN
IW
KS
KY
LA
LS
MA
MD
ME
MI
MN
MO
MS
MT
MY
NA
NC
ND
NE
NH
NJ
NM
NV
NY
OH
OK
OR
PA
PN
RH
RI
SC
SD
TE
TN
TS
TX
UH
UT
VA
VT
WA
WI
WS
WV
WY
 
Answer Stats
Answer % Correct
CA
93%
AZ
91%
CO
86%
AL
85%
DE
85%
AK
84%
FL
84%
CT
83%
AR
82%
GA
81%
IL
81%
HI
75%
ID
74%
IN
74%
KS
73%
KY
72%
MI
72%
IA
71%
MN
71%
MA
70%
MO
70%
NY
70%
OH
70%
MD
69%
NC
69%
NJ
69%
OK
69%
LA
68%
NV
68%
OR
68%
PA
68%
ND
66%
NH
66%
NM
66%
ME
64%
MS
64%
TX
64%
MT
63%
SC
61%
SD
60%
WA
60%
TN
59%
UT
59%
WY
59%
NE
58%
VA
58%
RI
57%
VT
57%
WI
57%
WV
56%
No matching quizzes found
Score Distribution
Percent of People with Each Score
Percentile by Number Answered
Your Score History
You have not taken this quiz